La transparencia y el buen gobierno una perspectiva desde los derechos humanos y las obligaciones de los gobiernos locales /

Detalles Bibliográficos
Autor principal: Torres ℓvila, Jheison
Formato: eBook
Lenguaje:español
Publicado: Bogot:̀ Universidad Catl̤ica de Colombia, 2016
Materias:
Acceso en línea:Acceso restringido

MARC

LEADER 00000nam a22000007a 4500
005 20181030215046.0
007 cr|||| ||||
008 181030s2016 co |||||s|||| 00||0 spa d
020 |a 978-958-8934-22-8 
035 |a 22100 
040 |a vLex 
090 |c 8226  |d 8226 
100 1 |a Torres ℓvila, Jheison 
245 1 2 |a La transparencia y el buen gobierno  |h [Recurso electrn̤ico] :  |b una perspectiva desde los derechos humanos y las obligaciones de los gobiernos locales /  |c Jheison Torres ℓvila  
256 |a Servicio en ln̕ea 
260 |a Bogot:̀  |b Universidad Catl̤ica de Colombia,  |c 2016 
300 |a 1 recurso electrn̤ico 
506 1 |a Disponible solo en los productos indicados  |d vLex Global  |d vLex Global (Academic Edition, excluding Law Schools)  |d vLex Global (U.S. Academic Edition, Law Schools)  |d vLex Global (U.S. Academic Edition, excluding Law Schools)  |d vLex Global (Academic Edition, Law Schools) 
650 0 4 |a Derecho Pb︢lico y Administrativo  |z Colombia 
740 0 |a vLex Libros (Servicio en ln̕ea) 
856 4 0 |u http://vlex.com/source/transparencia-buen-gobierno-perspectiva-derechos-humanos-obligaciones-gobiernos-locales-22100  |z Acceso restringido 
942 |c BOOK 
999 0 |a Public and Administrative Law